00876nam a2200229 a 450000100100000000500170001000800410002702000150006804000250008304000190010810000350012724500510016226000320021330000360024549000330028150000630031450000730037750400320045083000420048295201050052499900170062900004502620230519124900.0150129s1997 sp ac 000 0 spa d a8437615429 aDO-SdBNPbspacBNPHU aDO-SdBNPbxxxx1 aVidal Estévez, Manuel97302910aCarl Theodor Dreyer /cManuel Vidal Estévez. aMadrid :bCátedra,c1997. a359 p. :bil., retrs. ;c18 cm.1 aSigno e Imagen/Cineastasv34 aIncluye datos biográficos del autor en la contracubierta aIncluye referencias bibliográficas y notas al pie de las páginas aBibliografía : p. 349-357 0aSigno e Imagen/Cineastas ;n34973030 001050718MOaPDbPDcCTd2015-01-29iLF1l0o p45026-10r2020-06-25w2020-06-25y1ZNo se presta c44515d44515